00360nam a2200133 a 4500008004100000050001500041100002300056245004200079246002300121250001500144260004000159300001800199350000900217120416s1977 ||||||||||||||||| || u aQE 471 Eng aEngelhardt, Wolf U10aSedimentary petrology, parts II & III aWolf U. Englehardt a2nd rev. e aNew YorkbJohn Wiley and Sonsc1977 a2 vols. : ill a0.00